000 00489nam a2200181 i 4500
001 83242
003 ES-MaACL
005 20250920063048.0
007 t|
008 041116s1922 sp ||||1| spa d
100 1 _aInsĂșa, Alberto,
_d1885-1963
_965346
245 1 0 _aMaravilla
_b: ; La hiel /
_cAlberto InsĂșa.
260 _aMadrid :
_b[s.n.,
_c1922] (
_fJ. Pueyo)
300 _a247 p. ;
_c19 cm.
740 3 _aLa hiel.
852 _aES-MaACL
_jB-6110
999 _c83242
_d83242